[Event "53rd Rilton Cup 2025-26"]
[Site "Stockholm SWE"]
[Date "2025.12.30"]
[Round "4.4"]
[White "Meshkovs, Nikita"]
[Black "Sidhant, Mohapatra"]
[Result "1-0"]
[WhiteTitle "GM"]
[BlackTitle "IM"]
[WhiteElo "2561"]
[BlackElo "2388"]
[WhiteFideId "11602740"]
[BlackFideId "5028698"]
[EventDate "2025.12.27"]

1. c4 c6 2. Nf3 d5 3. e3 Nf6 4. Nc3 e6 5. b3 Bd6 6. Bb2 O-O 7. Be2 e5 8. cxd5
cxd5 9. Nb5 Nc6 10. Nxd6 Qxd6 11. d4 e4 12. Ne5 Nb4 13. a3 Na6 14. O-O Bf5 15.
b4 Rfc8 16. b5 Nc7 17. a4 Nd7 18. Ba3 Qe6 19. Nxd7 Qxd7 20. Qb3 Bg4 21. Bxg4
Qxg4 22. Rfc1 Qd7 23. Rc5 Rd8 24. Rac1 Ne6 25. R5c3 Rac8 26. h3 Rxc3 27. Rxc3 h6
28. a5 Nc7 29. Rc5 Ne6 30. Rc1 Nc7 31. b6 axb6 32. Qxb6 Ne6 33. Rb1 Qa4 34. Qb4
Qxb4 35. Rxb4 Rd7 36. Rb6 Nd8 37. Kf1 f6 38. Ke2 Kf7 39. Kd2 h5 40. Bc5 Ne6 41.
Bd6 Nd8 42. Bh2 Nc6 43. Rb5 Ke6 44. a6 Kf7 45. Ke2 1-0

[Event "53rd Rilton Cup 2025-26"]
[Site "Stockholm SWE"]
[Date "2025.12.30"]
[Round "4.5"]
[White "Dixit, Nikhil"]
[Black "Dai, Changren"]
[Result "0-1"]
[WhiteTitle "IM"]
[BlackTitle "GM"]
[WhiteElo "2392"]
[BlackElo "2551"]
[WhiteFideId "5059534"]
[BlackFideId "8608156"]
[EventDate "2025.12.27"]

1. e4 c5 2. Nf3 e6 3. d4 cxd4 4. Nxd4 a6 5. Bd3 Bc5 6. Nb3 Ba7 7. O-O Ne7 8. Qe2
Nbc6 9. Be3 O-O 10. N1d2 d5 11. Bxa7 Rxa7 12. c3 Ng6 13. exd5 Qxd5 14. Bxg6 hxg6
15. Rad1 Qe5 16. Qc4 Qc7 17. Nf3 b5 18. Qh4 f6 19. Nc5 e5 20. b4 Ne7 21. Qe4 Bb7
22. Qc2 Bd5 23. Nh4 Bf7 24. Rd7 Qxc5 25. bxc5 Rxd7 26. Rd1 Rc7 27. c6 g5 28. Nf5
Nxf5 29. Qxf5 Rxc6 30. Qd7 Rxc3 31. h3 Ra3 32. Qb7 Rxa2 33. Rd7 Ra4 34. Kh2 b4
35. f3 a5 36. Rxf7 Rxf7 37. Qc8+ Rf8 38. Qc4+ Kh8 39. Qc5 Rg8 40. Qc4 Ra3 41. h4
Rc3 42. Qg4 Rgc8 43. hxg5 R3c7 44. g6 Kg8 45. Qe6+ Kf8 46. Qd6+ Re7 47. Qa6 Rb8
48. Qd6 Re8 49. Qb6 f5 50. Qxa5 b3 51. Qb4 e4 52. fxe4 fxe4 53. Qxb3 e3 54. Qb4
e2 55. Qf4+ Kg8 56. Qh4 Re5 57. Qh7+ Kf8 58. Qh8+ Ke7 59. Qxg7+ Kd6 60. Qf6+ Kd7
61. Qf7+ R8e7 62. Qf3 e1=Q 63. Qb7+ Ke6 64. Qc6+ Kf5 65. Qf3+ Kg5 0-1

[Event "53rd Rilton Cup 2025-26"]
[Site "Stockholm SWE"]
[Date "2025.12.30"]
[Round "4.6"]
[White "Li, Di"]
[Black "Vestby-Ellingsen, Mads"]
[Result "1-0"]
[WhiteTitle "GM"]
[BlackTitle "IM"]
[WhiteElo "2549"]
[BlackElo "2385"]
[WhiteFideId "8607508"]
[BlackFideId "1520857"]
[EventDate "2025.12.27"]

1. Nf3 d5 2. d4 Nf6 3. c4 e6 4. Nc3 c6 5. Bg5 Nbd7 6. e3 Be7 7. Qc2 O-O 8. a3 b6
9. cxd5 exd5 10. Bd3 Bb7 11. O-O Re8 12. Rfe1 a6 13. Rad1 c5 14. Bf5 c4 15. Ne5
Nf8 16. f4 b5 17. g3 g6 18. Bxf6 Bxf6 19. Bg4 Bg7 20. h4 Qd6 21. h5 Rad8 22.
hxg6 hxg6 23. Rd2 Qb6 24. Rh2 a5 25. b4 axb4 26. axb4 Ra8 27. Bf3 Red8 28. Qg2
Ra3 29. Bxd5 Bxd5 30. Nxd5 Qd6 31. e4 Ne6 32. Kh1 Nxd4 33. Qb2 Nf3 34. Qxa3 Nxe1
35. Re2 Nd3 36. Nxd3 cxd3 37. Qxd3 Qe6 38. Kg2 Kh8 39. Qxb5 f5 40. Qb6 Qxb6 41.
Nxb6 Rd4 42. exf5 gxf5 43. Nc8 Rd5 44. Ne7 Rb5 45. Rd2 Ba1 46. Rd5 Rxd5 47. Nxd5
Kg7 48. b5 Kf7 49. b6 1-0

[Event "53rd Rilton Cup 2025-26"]
[Site "Stockholm SWE"]
[Date "2025.12.30"]
[Round "4.7"]
[White "Yang, Zilong"]
[Black "Raczek, Krzysztof"]
[Result "1/2-1/2"]
[WhiteTitle "FM"]
[BlackTitle "IM"]
[WhiteElo "2386"]
[BlackElo "2489"]
[WhiteFideId "8641528"]
[BlackFideId "21005303"]
[EventDate "2025.12.27"]

1. e4 c6 2. d4 d5 3. Nc3 dxe4 4. Nxe4 Nf6 5. Nxf6+ exf6 6. c3 Bd6 7. Bd3 O-O 8.
Qc2 Re8+ 9. Ne2 h5 10. Be3 Nd7 11. O-O-O b5 12. d5 c5 13. Bxb5 Rb8 14. c4 a6 15.
Ba4 Re5 16. Nc3 Nb6 17. Bb3 a5 18. a3 Bf5 19. Qd2 Nxd5 20. Nxd5 Rxb3 21. Nc3 Rb6
22. Nb5 Re4 23. b3 Qe8 24. a4 Qe5 25. Qb2 Rxe3 26. Qxe5 Rxe5 27. Rxd6 Rxd6 28.
Nxd6 Bd7 29. Rd1 Bc6 30. f3 g5 31. h3 Kg7 32. Kd2 Re6 33. Nf5+ Kg6 34. Ne3 f5
35. Nd5 f4 36. Nc7 Re7 37. Nd5 Re6 38. Nc7 Re7 39. Nd5 Re6 1/2-1/2

[Event "53rd Rilton Cup 2025-26"]
[Site "Stockholm SWE"]
[Date "2025.12.30"]
[Round "4.8"]
[White "Bhagat Kush"]
[Black "Sengupta, Deep"]
[Result "0-1"]
[WhiteTitle "FM"]
[BlackTitle "GM"]
[WhiteElo "2381"]
[BlackElo "2479"]
[WhiteFideId "46672940"]
[BlackFideId "5008352"]
[EventDate "2025.12.27"]

1. e4 c5 2. Nf3 e6 3. c3 d5 4. exd5 Qxd5 5. d4 Nf6 6. Na3 Nc6 7. Be3 cxd4 8. Nb5
Qd8 9. Nbxd4 Nxd4 10. Bxd4 Be7 11. Be2 O-O 12. O-O b6 13. a4 Bb7 14. a5 Bc5 15.
a6 Be4 16. Qa4 Bxd4 17. Nxd4 e5 18. Nf3 Qc7 19. Rfe1 Rad8 20. Bd1 Bxf3 21. Bxf3
Rd2 22. Qb5 Re8 23. Rad1 Rxd1 24. Rxd1 e4 25. Be2 g6 26. Qc4 Qe5 27. Qd4 Qf5 28.
h3 h5 29. Qd6 Kg7 30. Qc7 e3 31. fxe3 Qg5 32. Bf3 Qxe3+ 33. Kh1 g5 34. Qxa7 g4
35. Bc6 Re7 36. Qb8 g3 37. Rf1 Qf2 38. Bb5 Re1 39. Qxg3+ Qxg3 40. a7 Ne4 41.
a8=Q Nf2+ 42. Kg1 Nxh3+ 43. Kh1 Nf2+ 44. Kg1 Ng4 0-1

[Event "53rd Rilton Cup 2025-26"]
[Site "Stockholm SWE"]
[Date "2025.12.30"]
[Round "4.9"]
[White "Dotzer, Lukas"]
[Black "Fecker, Noah"]
[Result "1-0"]
[WhiteTitle "IM"]
[BlackTitle "FM"]
[WhiteElo "2478"]
[BlackElo "2365"]
[WhiteFideId "1666975"]
[BlackFideId "1334263"]
[EventDate "2025.12.27"]

1. e4 c6 2. d4 d5 3. e5 Bf5 4. h4 h5 5. c4 e6 6. Nc3 dxc4 7. Bxc4 Nd7 8. Nge2
Be7 9. g3 a5 10. Nf4 Bg4 11. Be2 Bxe2 12. Qxe2 Nh6 13. Nxh5 Nf5 14. Be3 g6 15.
Nf4 g5 16. Nh5 gxh4 17. g4 Nxe3 18. fxe3 Bb4 19. O-O Bxc3 20. bxc3 Qg5 21. Kh1
Rg8 22. Rab1 O-O-O 23. Rxf7 Qxg4 24. Qxg4 Rxg4 25. Nf6 Nxf6 26. exf6 b5 27. Rg1
Rxg1+ 28. Kxg1 Rg8+ 29. Kh2 Rg4 30. Rg7 1-0

[Event "53rd Rilton Cup 2025-26"]
[Site "Stockholm SWE"]
[Date "2025.12.30"]
[Round "4.10"]
[White "Hillarp Persson, Tiger"]
[Black "Priansh, Das"]
[Result "1/2-1/2"]
[WhiteTitle "GM"]
[BlackTitle "FM"]
[WhiteElo "2428"]
[BlackElo "2312"]
[WhiteFideId "1700812"]
[BlackFideId "45029946"]
[EventDate "2025.12.27"]

1. Nf3 Nf6 2. c4 c5 3. Nc3 d5 4. cxd5 Nxd5 5. e4 Nb4 6. Bc4 Nd3+ 7. Ke2 Nf4+ 8.
Kf1 Ne6 9. b4 g6 10. bxc5 Bg7 11. Bxe6 Qd3+ 12. Qe2 Qxe2+ 13. Kxe2 Bxe6 14. d4
Bc4+ 15. Ke1 Nc6 16. Be3 O-O-O 17. Rd1 Nb4 18. Kd2 e5 19. d5 f5 20. a3 Na6 21.
Kc2 f4 22. Nd2 Be2 23. Nxe2 fxe3 24. Nb3 Bf8 25. f3 Nxc5 26. Nxc5 Bxc5 27. Kd3
Kd7 28. Rb1 Rb8 29. a4 a6 30. Rhc1 Rhc8 31. Nc3 Bd4 32. Nd1 Rxc1 33. Rxc1 b5 34.
Rb1 Rc8 35. axb5 axb5 36. Rb3 e2 37. Kxe2 Rc2+ 38. Kd3 Rxg2 39. Rxb5 Rxh2 40.
Ne3 Rh3 41. Rb7+ Kd8 42. Nc4 Rxf3+ 43. Kd2 Rf2+ 44. Kd3 Rf3+ 45. Kd2 Rf2+ 46.
Kd3 Rf3+ 1/2-1/2

[Event "53rd Rilton Cup 2025-26"]
[Site "Stockholm SWE"]
[Date "2025.12.30"]
[Round "4.11"]
[White "Miezis, Normunds"]
[Black "Gschnitzer, Adrian"]
[Result "1/2-1/2"]
[WhiteTitle "GM"]
[BlackTitle "IM"]
[WhiteElo "2375"]
[BlackElo "2420"]
[WhiteFideId "11600136"]
[BlackFideId "1270337"]
[EventDate "2025.12.27"]

1. c4 c5 2. Nc3 Nf6 3. Nf3 Nc6 4. e3 e5 5. d4 e4 6. d5 exf3 7. dxc6 dxc6 8.
Qxd8+ Kxd8 9. gxf3 g6 10. b3 Bg7 11. Bb2 b6 12. Bg2 Bf5 13. f4 Kc7 14. O-O-O
Rad8 15. h3 a5 16. Na4 Nh5 17. Nc3 Nf6 18. Na4 Nh5 19. Nc3 Nf6 1/2-1/2

[Event "53rd Rilton Cup 2025-26"]
[Site "Stockholm SWE"]
[Date "2025.12.30"]
[Round "4.12"]
[White "Daakshin, Arun"]
[Black "Sai, Krishna G V"]
[Result "0-1"]
[WhiteTitle "FM"]
[BlackTitle "IM"]
[WhiteElo "2274"]
[BlackElo "2415"]
[WhiteFideId "366195016"]
[BlackFideId "5028280"]
[EventDate "2025.12.27"]

1. d4 Nf6 2. c4 g6 3. Nc3 Bg7 4. e4 d6 5. h3 O-O 6. Be3 Nc6 7. d5 Ne5 8. f4 Ned7
9. Nge2 Nb6 10. Ng3 e6 11. a4 a5 12. Be2 e5 13. f5 Nbd7 14. h4 h6 15. Qc2 Nc5
16. O-O-O Ra6 17. Nf1 h5 18. g4 Nxg4 19. Bxg4 hxg4 20. Ng3 Rb6 21. Qe2 Rb4 22.
Bg5 f6 23. Be3 Nxe4 24. Ngxe4 gxf5 25. Nf2 f4 26. Nxg4 Bxg4 27. Qxg4 f5 28. Qh5
fxe3 29. Rdg1 Rf7 30. Rg5 Rxc4 31. Rhg1 Qf6 32. Kb1 Rb4 33. Ka1 Kf8 34. Rf1 f4
35. Rg6 Qf5 36. Qh7 Qc2 0-1

[Event "53rd Rilton Cup 2025-26"]
[Site "Stockholm SWE"]
[Date "2025.12.30"]
[Round "4.13"]
[White "Hammer, Jon Ludvig"]
[Black "Hari, Madhavan N B"]
[Result "1-0"]
[WhiteTitle "GM"]
[BlackTitle "IM"]
[WhiteElo "2606"]
[BlackElo "2363"]
[WhiteFideId "1503707"]
[BlackFideId "25054309"]
[EventDate "2025.12.27"]

1. e4 e6 2. d4 d5 3. exd5 exd5 4. Nf3 Bd6 5. c4 Nf6 6. c5 Be7 7. Bd3 O-O 8. O-O
b6 9. Be3 Bg4 10. cxb6 axb6 11. h3 Bxf3 12. Qxf3 c5 13. Nc3 cxd4 14. Bxd4 Nc6
15. Nb5 Nxd4 16. Nxd4 Bc5 17. Nc2 Re8 18. b4 Bd6 19. a3 Be5 20. Rad1 Qc7 21.
Rfe1 g6 22. Re2 Kg7 23. Rde1 Bh2+ 24. Kf1 Rxe2 25. Rxe2 Be5 26. g3 Bb2 27. Kg2
Bxa3 28. Bxg6 hxg6 29. Nxa3 Ne4 30. Qd3 Nc3 31. Qd4+ f6 32. Re6 Qf7 33. Rc6 Rxa3
34. Qxb6 Na4 35. Qb8 Rc3 36. Ra6 Rc7 37. Ra8 g5 38. Qh8+ Kg6 39. g4 Qh7 40. Rg8+
Rg7 41. Rxg7+ Qxg7 42. Qh5# 1-0

[Event "53rd Rilton Cup 2025-26"]
[Site "Stockholm SWE"]
[Date "2025.12.30"]
[Round "4.14"]
[White "Sarenac, Ivan"]
[Black "Heberla, Bartlomiej"]
[Result "0-1"]
[WhiteTitle "IM"]
[BlackTitle "GM"]
[WhiteElo "2365"]
[BlackElo "2508"]
[WhiteFideId "938165"]
[BlackFideId "1115120"]
[EventDate "2025.12.27"]

1. e4 e6 2. d4 d5 3. Nc3 Bb4 4. exd5 exd5 5. Qf3 Nc6 6. Bb5 Ne7 7. Ne2 O-O 8.
Bd3 Qd7 9. O-O Qg4 10. Nxd5 Qxf3 11. Nxe7+ Bxe7 12. gxf3 Nb4 13. Nf4 Nxd3 14.
Nxd3 Bf5 15. Rd1 Rfd8 16. Be3 Rd6 17. Kf1 Re8 18. c3 Rf6 19. Ne5 Be6 20. Ke2 Rf5
21. b3 Rh5 22. Rh1 Bd6 23. Rag1 f6 24. Nd3 Rxh2 25. Rxh2 Bxh2 26. Rh1 Bd6 27. c4
c6 28. Kd2 Bf5 29. Kc3 g5 30. a4 a5 31. Nc5 Re7 32. Nd3 Kg7 33. c5 Bc7 34. Nb2
Kg6 35. Nc4 h5 36. b4 axb4+ 37. Kxb4 Be6 38. Nd6 Bd5 39. Rh3 h4 40. Nxb7 Re8 41.
Nd6 Rb8+ 42. Kc3 Rb3+ 43. Kc2 Ra3 44. Ne4 Ba5 45. Rh1 Bc4 46. Rg1 Ra2+ 47. Kb1
Re2 48. Bxg5 fxg5 49. Rxg5+ Kf7 50. Kc1 Bb3 51. Rh5 Bb4 0-1

[Event "53rd Rilton Cup 2025-26"]
[Site "Stockholm SWE"]
[Date "2025.12.30"]
[Round "4.15"]
[White "Zielonka, Adam"]
[Black "Seemann, Jakub"]
[Result "1-0"]
[WhiteTitle "FM"]
[BlackTitle "GM"]
[WhiteElo "2348"]
[BlackElo "2507"]
[WhiteFideId "21002096"]
[BlackFideId "21874697"]
[EventDate "2025.12.27"]

1. e4 d6 2. d4 g6 3. Nc3 Bg7 4. f4 Nf6 5. Nf3 O-O 6. Be3 Nc6 7. Qd2 a6 8. a4 Nb4
9. Be2 a5 10. h3 b6 11. O-O Nh5 12. Kh2 e5 13. fxe5 dxe5 14. Nxe5 c5 15. Nf3
cxd4 16. Bxd4 Qc7+ 17. e5 Rd8 18. Nb5 Qe7 19. c3 Nc6 20. Qg5 Qxg5 21. Nxg5 Bxe5+
22. Bxe5 Nxe5 23. Nxf7 Rd2 24. Bxh5 Nxf7 25. Bf3 Rb8 26. Rad1 Rxd1 27. Rxd1 Be6
28. Re1 Bb3 29. Bd1 Bxd1 30. Rxd1 Re8 31. b4 Ra8 32. Ra1 Ne5 33. Nc7 Rd8 34. Re1
Nc4 35. Re6 Rd7 36. Na8 axb4 37. cxb4 Kf7 38. Rc6 Ra7 39. Nxb6 Nxb6 40. Rxb6
Rxa4 41. Kg3 Ra2 42. Rb7+ Kf6 43. Rxh7 Kg5 44. Rc7 Ra3+ 45. Kh2 Rb3 46. Rc4 Kf5
47. Rg4 Rb1 48. Kg3 Rf1 49. h4 Rb1 50. Rg5+ Kf6 51. b5 Rb4 52. Kh3 Rb3+ 53. Kh2
Rb4 54. g3 Rb2+ 55. Kg1 Re2 56. Kf1 Re7 57. b6 1-0

[Event "53rd Rilton Cup 2025-26"]
[Site "Stockholm SWE"]
[Date "2025.12.30"]
[Round "4.16"]
[White "Katsanis, Vasileios Dim"]
[Black "Ghasi, Ameet K"]
[Result "1/2-1/2"]
[WhiteTitle "FM"]
[BlackTitle "GM"]
[WhiteElo "2336"]
[BlackElo "2500"]
[WhiteFideId "42121159"]
[BlackFideId "409200"]
[EventDate "2025.12.27"]

1. d4 Nf6 2. c4 e6 3. Nc3 Bb4 4. Qc2 Nc6 5. Nf3 d6 6. Bd2 O-O 7. a3 Bxc3 8. Bxc3
Qe7 9. e4 e5 10. d5 Nb8 11. Be2 a5 12. O-O a4 13. c5 Na6 14. Bxa6 Rxa6 15. Rac1
Bg4 16. cxd6 cxd6 17. Nxe5 dxe5 18. Bb4 Qd8 19. f3 Bd7 20. Bxf8 Kxf8 21. Qc7
Qxc7 22. Rxc7 Rb6 23. f4 Bb5 24. d6 Ke8 25. fxe5 Bxf1 26. exf6 gxf6 27. Kxf1
Rxb2 28. Re7+ Kf8 29. Rc7 Ke8 30. Re7+ Kf8 31. Rc7 Ke8 1/2-1/2

[Event "53rd Rilton Cup 2025-26"]
[Site "Stockholm SWE"]
[Date "2025.12.30"]
[Round "4.17"]
[White "Banerjee, Supratit"]
[Black "Cieslak, Patryk"]
[Result "0-1"]
[WhiteTitle "FM"]
[BlackTitle "IM"]
[WhiteElo "2334"]
[BlackElo "2477"]
[WhiteFideId "2410079"]
[BlackFideId "21078882"]
[EventDate "2025.12.27"]

1. e4 c5 2. Nf3 d6 3. Bb5+ Nc6 4. O-O Bd7 5. Re1 a6 6. Bxc6 Bxc6 7. d4 cxd4 8.
Nxd4 Rc8 9. c4 g6 10. b3 Bg7 11. Bb2 Nf6 12. Nc3 O-O 13. Qd2 Qd7 14. Nd5 Rcd8
15. Nxc6 bxc6 16. Nxf6+ Bxf6 17. Bxf6 exf6 18. Rad1 Rfe8 19. h3 Re5 20. Qd4 Kg7
21. Re3 Qc7 22. Qd2 Qb6 23. Qc3 Qc5 24. Rf3 Qa3 25. Qd4 Qxa2 26. Qb6 Qc2 27. Re1
Qd2 28. Rfe3 Rde8 29. R1e2 Qd1+ 30. Re1 Qd2 31. R1e2 Qc1+ 32. Re1 Qa3 33. Qxc6
R8e6 34. Qb7 a5 35. Qa7 Qb4 36. Qd4 Re8 37. Rd1 R5e6 38. Ra1 Re5 39. Rd1 Rd8 40.
f4 Ree8 41. Kh2 a4 42. bxa4 Qxa4 43. Ra1 Qc6 44. Ra5 Rc8 45. Rd5 Qxc4 46. Rxd6
Qxd4 47. Rxd4 Rc2 48. e5 fxe5 49. fxe5 Re6 50. Rd7 Rf2 51. Kg3 Rf5 52. Rf3 Rexe5
53. Rxf5 Rxf5 54. Ra7 Rb5 55. h4 Rb3+ 56. Kf2 Rc3 57. g3 Kf6 58. Kg2 h6 59. Ra6+
Kg7 60. Kf2 Rb3 61. Kg2 Re3 62. Kf2 Re6 63. Ra5 Rd6 64. Kg2 Kf6 65. h5 g5 66. g4
Rd4 67. Kg3 Rd3+ 68. Kf2 Ke6 69. Kg2 Rd2+ 70. Kf3 Rd3+ 71. Kg2 Rd5 72. Ra6+ Rd6
73. Ra7 f5 74. Rh7 Ke5 75. gxf5 Kf4 76. f6 Rxf6 77. Kh3 Kf3 78. Ra7 Rf4 79. Ra3+
Kf2 80. Ra2+ Ke3 81. Ra3+ Ke2 82. Ra2+ Kd3 83. Ra3+ Kd2 84. Ra2+ Kc3 85. Ra6
Rh4+ 86. Kg3 Rxh5 87. Kg4 Rh1 88. Kf5 Kd4 89. Ra3 Rc1 90. Kg6 Rc6+ 91. Kh5 Rf6
92. Ra4+ Ke3 93. Ra3+ Kf2 94. Ra2+ Kg3 95. Ra1 Rf3 96. Ra4 Kh3 97. Rg4 Rf4 98.
Rg1 g4 99. Rh1+ Kg2 100. Rh4 Kg3 101. Rh1 Rf5+ 102. Kxh6 Kg2 103. Ra1 g3 104.
Kg6 Rb5 105. Ra2+ Kh3 106. Ra3 Kh2 107. Kf6 g2 108. Ra2 Kh1 109. Rb2 Rxb2 0-1

[Event "53rd Rilton Cup 2025-26"]
[Site "Stockholm SWE"]
[Date "2025.12.30"]
[Round "4.18"]
[White "Willow, Jonah B"]
[Black "Kueppers, Timo"]
[Result "1-0"]
[WhiteTitle "IM"]
[BlackTitle "FM"]
[WhiteElo "2473"]
[BlackElo "2322"]
[WhiteFideId "438804"]
[BlackFideId "16205820"]
[EventDate "2025.12.27"]

1. e4 c5 2. Nf3 e6 3. c3 Nf6 4. Bd3 d5 5. e5 Nfd7 6. Bc2 d4 7. O-O Nc6 8. Ba4
Qc7 9. Qe2 d3 10. Qe4 Be7 11. Re1 g5 12. Na3 a6 13. Bxc6 Qxc6 14. Qxc6 bxc6 15.
Re4 a5 16. Ne1 Ba6 17. c4 Nb6 18. Nxd3 O-O-O 19. Ne1 Rd4 20. Rxd4 cxd4 21. b3 h5
22. Nd3 g4 23. Nc2 Bb7 24. Ba3 Bg5 25. Rd1 Rd8 26. Bd6 Nd7 27. Nxd4 Nxe5 28.
Bxe5 f6 29. Nxe6 Rxd3 30. Bf4 h4 31. Bxg5 fxg5 32. Nc5 Rd4 33. d3 h3 34. Re1 Kb8
35. Re4 Rd6 36. Rxg4 1-0

[Event "53rd Rilton Cup 2025-26"]
[Site "Stockholm SWE"]
[Date "2025.12.30"]
[Round "4.19"]
[White "Otsuka, Shou"]
[Black "Bronstein, Or"]
[Result "0-1"]
[WhiteTitle "FM"]
[BlackTitle "IM"]
[WhiteElo "2335"]
[BlackElo "2470"]
[WhiteFideId "7004702"]
[BlackFideId "2815770"]
[EventDate "2025.12.27"]

1. c4 e6 2. g3 d5 3. Bg2 d4 4. Nf3 c5 5. O-O Ne7 6. e3 Nec6 7. exd4 cxd4 8. d3
Be7 9. Re1 Nd7 10. Na3 e5 11. Nc2 a5 12. Rb1 O-O 13. a3 a4 14. Bd2 f6 15. Bb4
Nc5 16. Bxc5 Bxc5 17. b4 axb3 18. Rxb3 Re8 19. Nd2 Bf8 20. Qb1 Ra7 21. Qb2 Qc7
22. Rb1 Kh8 23. Rb5 Nd8 24. Nb4 Bd7 25. Nd5 Qb8 26. Rb3 Ba4 27. Rb6 Qc8 28. Ne4
Bc6 29. Nb4 f5 30. Nxc6 bxc6 31. Ng5 h6 32. Qe2 g6 33. Nf3 Rae7 34. Rb8 Qe6 35.
Ra8 Qf6 36. Rbb8 Re6 37. Qb2 Bc5 38. Nd2 Rf8 39. Rc8 e4 40. dxe4 Be7 41. f4 fxe4
42. Nxe4 Qg7 43. c5 g5 44. f5 Re5 45. g4 d3 46. Kh1 d2 47. Qxd2 Rd5 48. Qe1 Qe5
49. Qg1 Rd4 50. Nd6 Kg8 51. h3 Rd3 52. Ra7 Bxd6 53. cxd6 Qxd6 54. Qf2 Re8 55.
Bf1 Qd5+ 0-1

[Event "53rd Rilton Cup 2025-26"]
[Site "Stockholm SWE"]
[Date "2025.12.30"]
[Round "4.20"]
[White "Trost, Edvin"]
[Black "Mattenberger, Matthias"]
[Result "1/2-1/2"]
[WhiteTitle "IM"]
[BlackTitle "FM"]
[WhiteElo "2466"]
[BlackElo "2287"]
[WhiteFideId "1729519"]
[BlackFideId "1339958"]
[EventDate "2025.12.27"]

1. Nf3 Nf6 2. g3 g6 3. c4 Bg7 4. Bg2 d5 5. cxd5 Nxd5 6. h4 Nc6 7. h5 Bg4 8. h6
Bf6 9. O-O O-O 10. Nc3 Nxc3 11. dxc3 Qc8 12. Qb3 Be6 13. Qa4 Bh3 14. Rd1 Bxg2
15. Kxg2 Ne5 16. Bf4 Nxf3 17. exf3 c6 18. Rd2 Rd8 19. Rad1 Rxd2 20. Rxd2 e5 21.
Be3 Qc7 22. Qd1 Rd8 23. Rxd8+ Bxd8 24. Bxa7 b6 25. Qd3 Kf8 26. Qa6 c5 27. c4 f5
28. a3 g5 29. b4 g4 30. fxg4 Qc6+ 31. Kg1 f4 32. gxf4 exf4 33. Bb8 f3 34. Qa7
Be7 35. Qc7 Qxh6 36. Qc8+ Kf7 37. Qf5+ Ke8 38. Qc8+ Kf7 39. Qf5+ Ke8 40. Qxf3
cxb4 41. axb4 Qc1+ 42. Kg2 Qxc4 43. b5 Qxb5 44. Qe4 Qg5 45. Qc6+ Kf7 46. Qxb6
Qxg4+ 47. Bg3 h5 48. Qb3+ Kf8 49. Qf3+ Qxf3+ 50. Kxf3 Bc5 51. Bd6+ Bxd6 52. Kg2
Bc5 53. Kh1 Bxf2 54. Kg2 1/2-1/2

[Event "53rd Rilton Cup 2025-26"]
[Site "Stockholm SWE"]
[Date "2025.12.30"]
[Round "4.21"]
[White "Bauer, Christian"]
[Black "Kavutskiy, Kostya"]
[Result "1-0"]
[WhiteTitle "GM"]
[BlackTitle "IM"]
[WhiteElo "2552"]
[BlackElo "2354"]
[WhiteFideId "603767"]
[BlackFideId "2026384"]
[EventDate "2025.12.27"]

1. e4 c5 2. Nf3 e6 3. d4 cxd4 4. Nxd4 Nc6 5. Nc3 Nf6 6. a3 d6 7. Rg1 e5 8. Nf3
Be7 9. Bg5 Be6 10. Qd2 O-O 11. O-O-O Ne8 12. h4 a6 13. g4 Qd7 14. Nd5 Bxd5 15.
exd5 Bxg5 16. hxg5 Ne7 17. Bd3 g6 18. Be4 Rc8 19. Kb1 Rc4 20. Qe2 b5 21. Nd2 Rc5
22. Rh1 f5 23. gxf6 Nxf6 24. g5 Qg4 25. Qe3 Nfxd5 26. Qd3 Qxg5 27. Nb3 Rfc8 28.
Qh3 Nf6 29. Nxc5 dxc5 30. Qe6+ Kf8 31. Bb7 Rb8 32. Bxa6 b4 33. Bc4 1-0

[Event "53rd Rilton Cup 2025-26"]
[Site "Stockholm SWE"]
[Date "2025.12.31"]
[Round "5.1"]
[White "Demchenko, Anton"]
[Black "Xu, Xiangyu"]
[Result "1/2-1/2"]
[WhiteTitle "GM"]
[BlackTitle "GM"]
[WhiteElo "2631"]
[BlackElo "2601"]
[WhiteFideId "4160258"]
[BlackFideId "8608288"]
[EventDate "2025.12.27"]

1. e4 c5 2. Nf3 d6 3. Bb5+ Bd7 4. c4 Nc6 5. d4 cxd4 6. Nxd4 Nf6 7. Nc3 g6 8. h3
Bg7 9. Be3 O-O 10. O-O Nxd4 11. Bxd7 Nf3+ 12. Qxf3 Nxd7 13. Rac1 Qa5 14. Qe2
Rac8 15. Nd5 Rfe8 16. b3 e6 17. Nf4 Nf6 18. Qd3 Qe5 19. Rce1 Nxe4 20. Bxa7 Nc5
21. Qf3 Qf5 22. Rd1 Ra8 23. Bxc5 dxc5 24. a4 Red8 25. g4 Qf6 26. Kg2 b6 27. Ne2
Qe7 28. Ng3 Be5 29. Qe4 Bxg3 30. Kxg3 Qc7+ 1/2-1/2

[Event "53rd Rilton Cup 2025-26"]
[Site "Stockholm SWE"]
[Date "2025.12.31"]
[Round "5.2"]
[White "Zhalmakhanov, Ramazan"]
[Black "Meshkovs, Nikita"]
[Result "1/2-1/2"]
[WhiteTitle "GM"]
[BlackTitle "GM"]
[WhiteElo "2454"]
[BlackElo "2561"]
[WhiteFideId "13706357"]
[BlackFideId "11602740"]
[EventDate "2025.12.27"]

1. e4 e5 2. Nf3 Nc6 3. Bb5 a6 4. Ba4 Nf6 5. O-O Be7 6. Re1 b5 7. Bb3 d6 8. c3
O-O 9. h3 Nb8 10. d4 Nbd7 11. c4 Bb7 12. Qc2 h6 13. Nc3 c6 14. a3 Rc8 15. Be3
Re8 16. Rad1 Qc7 17. cxb5 cxb5 18. Qb1 exd4 19. Bxd4 Ne5 20. Nh4 Nfd7 21. Nf5
Bf8 22. Re3 Nc5 23. Nd5 Bxd5 24. Bxd5 Ne6 25. Rc3 Qb8 26. Rg3 Nxd4 27. Nxd4 Kh8
28. b3 Qa7 29. Qb2 g6 30. Nc6 Qd7 31. f4 Rxc6 32. Bxc6 Qxc6 33. fxe5 dxe5 34.
Rc3 Bxa3 35. Rxc6 Bxb2 36. Rd7 Kg7 37. Rxa6 Rc8 38. Ra5 Rc1+ 39. Kh2 Bd4 40. h4
Bg1+ 41. Kh3 Rc3+ 42. g3 Rxb3 43. Ra1 Be3 44. Kg2 Rb2+ 45. Kh3 Rb3 46. Kg2 Rb2+
47. Kh3 Rb3 1/2-1/2

[Event "53rd Rilton Cup 2025-26"]
[Site "Stockholm SWE"]
[Date "2025.12.31"]
[Round "5.3"]
[White "Dai, Changren"]
[Black "Dotzer, Lukas"]
[Result "1/2-1/2"]
[WhiteTitle "GM"]
[BlackTitle "IM"]
[WhiteElo "2551"]
[BlackElo "2478"]
[WhiteFideId "8608156"]
[BlackFideId "1666975"]
[EventDate "2025.12.27"]

1. d4 Nf6 2. c4 e6 3. Nc3 Bb4 4. Nf3 O-O 5. Bg5 c5 6. Rc1 cxd4 7. Nxd4 e5 8. Nb3
h6 9. Bxf6 Qxf6 10. e3 d6 11. Be2 Nc6 12. O-O Bxc3 13. Rxc3 Rd8 14. Bf3 Be6 15.
Qd2 Rac8 16. Bd5 Bxd5 17. cxd5 Ne7 18. Rfc1 Qf5 19. Na5 Rxc3 20. Qxc3 Rc8 21.
Qd2 Rxc1+ 22. Qxc1 Qd3 23. h3 Qxd5 24. Qc7 Ng6 25. Nxb7 Kh7 26. g3 Qd1+ 27. Kg2
Qd5+ 28. Kg1 e4 29. Kg2 Qf5 30. Nxd6 Qf3+ 31. Kg1 Qd1+ 32. Kg2 Qf3+ 33. Kg1 Qd1+
34. Kg2 Ne5 35. Qc5 Qf3+ 36. Kg1 Qd1+ 37. Kg2 Qf3+ 38. Kg1 Qd1+ 1/2-1/2